00703nam a2200205Ii 45000010005000000030009000050080041000140400033000550410008000880820016000962450030001122640060001423000012002023360026002143370028002403380027002689400050002959990017003459520135003627088CO-ViMGA241108s9999||||xx |||||||||||||| ||und|| aCO-ViMGAbspaerdacCO-ViMGA0 aunk04a910.92 C75310aLa conquista de la tierra 1a[Lugar de publicación no identificado] : Salvat, 1971 avolumen atextbtxt2rdacontent aunmediatedbn2rdamedia avolumebnc2rdacarrier aidficha_siabuc: 6924. -- ficha_no_siabuc:7088 c56046d56046 001040708001aMEVIGERRbMEVIGERRcGENd2006-11-27o910.92 C753pECA6811r2024-11-26 10:52:03tEj.1w2024-11-26yBKz6924 | 9706